JUDICIAL REVIEW AND ELECTIVE FRANCHISE (Record no. 20754)

MARC details
000 -LEADER
fixed length control field 00284nam a22001217a 4500
003 - CONTROL NUMBER IDENTIFIER
control field SGT
082 ## - DEWEY DECIMAL CLASSIFICATION NUMBER
Classification number 347.012
Item number RAO
100 ## - MAIN ENTRY--PERSONAL NAME
Personal name RAO ,RAMAKRISHNA
245 ## - TITLE STATEMENT
Title JUDICIAL REVIEW AND ELECTIVE FRANCHISE
260 ## - PUBLICATION, DISTRIBUTION, ETC. (IMPRINT)
Place of publication, distribution, etc GUNTAR
Name of publisher, distributor, etc ANDHRA LAW TIMES
Year of Publication 1956
300 ## - PAGE DESCRIPTION
No. of Pages XLIV,344
942 ## - ADDED ENTRY ELEMENTS (KOHA)
Source of classification or shelving scheme Dewey Decimal Classification
Koha item type Books
Holdings
Withdrawn status Lost status Source of classification or shelving scheme Damaged status Not for loan Collection code Home library Current library Shelving location Date acquired SGTU Full call number Accession No. (Barcode) Date last seen Bill Date Koha item type
    Dewey Decimal Classification   Not For Loan LAW SGT Science & Social Sciences Library SGT Science & Social Sciences Library Reference Book 15/10/2020 SGTU 347.012 RAO FL2497 15/10/2020 15/10/2020 Books